Music Quiz

Random Music or Album Quiz

Bob Marley's Legend Quiz Stats

 Plays Quiz Updated Jan 19, 2012

Score 0/14 Timer 04:00
0 Plays Today
% Correct
No Woman, No Cry
75.4%
Three Little Birds
70.8%
Buffalo Soldier
66.5%
Redemption Song
57.5%
I Shot the Sheriff
56%
One Love/People Get Ready
54.1%
Jamming
50.8%
% Correct
Exodus
42.8%
Get Up, Stand Up
39.4%
Stir It Up
39.2%
Is This Love
39.1%
Could You Be Loved
38.3%
Waiting in Vain
23.9%
Satisfy My Soul
15.7%

You're not logged in!

Compare scores with friends on all Sporcle quizzes.
OR
Log In

Sporcle TV

Today on Sporcle TV


Watch our educational content, quiz creation guides, and fun videos on Sporcle TV.

Show Comments

Extras

Top Quizzes Today


Score Distribution

Your Account Isn't Verified!

In order to create a playlist on Sporcle, you need to verify the email address you used during registration. Go to your Sporcle Settings to finish the process.

Report this User

Report this user for behavior that violates our Community Guidelines.

Details: